000
00235nam a22000977a 4500
100
_a
Dass,Nada H.
_9
79630
245
_a
The Life of Ramakrishna
260
_a
Delhi
_b
Deepali Publication
_c
2017
650
_a
Childran Book
_9
7575
942
_c
BK
999
_c
63274
_d
63274